Leader xxxxxxxxxx
001 __ PCLIS00009776
005 __ 20210422164632.0
010 0_ |a957-32-2946-3|b套:平裝|dNT$1250
010 0_ |a957-32-2947-1|b第一冊:平裝|dNT$250
010 0_ |a957-32-2948-X|b第二冊:平裝|dNT$250
010 0_ |a957-32-2949-8|b第三冊:平裝|dNT$250
010 0_ |a957-32-2950-1|b第四冊:平裝|dNT$250
010 0_ |a957-32-2951-X|b第五冊:平裝|dNT$250
100 __ |a19870509d20001981m y0chiy09 e
101 0_ |achi
102 __ |atw
105 __ |aaf z 000ad
200 1_ |a鹿鼎記|f金庸著
204 0_ |a1
205 __ |a三版
210 __ |a臺北市|c遠流|d2000
215 0_ |a5冊(2121面, 圖版[80]面)|c部分彩圖|d21公分
225 2_ |a金庸作品集|v32-36
300 __ |a本館最新館藏為2012年
300 __ |a武俠小說
320 __ |a附錄: 康熙朝的機密奏摺
410 _0 |12001 |a金庸作品集|v32-36
517 __ |aThe Duke of the Mount Deer
681 __ |a857.9|b864
700 _0 |a金庸|4著|f1924-2018
801 _0 |atw|b內湖高中|c20010622
|